000 00935nam0a22002291 4500
001 rc\1054215
005 20250622093401.0
035 _a(NLR Aleph) 006215449
090 _a6413214
_c6413214
100 _a20041129d1980 |||y0rusy50 ca
101 0 _arus
102 _aRU
105 _aa |||||||||
200 1 _aАнализ дорожно-транспортных происшествий по Калининградской области за 1979 год
_e(Метод. рекомендации по предупреждению аварийности)
_fУпр. внутр. дел Калинингр. облисполкома, Госавтоинспекция
_g[Сост. Р.В. Чекан]
210 _aКалининград
_cБ. и.
_d1980
215 _a82 с.
_cил.
_d21
333 _aДСП. Экз. № 6
801 0 _aRU
_bNLR
_gpsbo
801 1 _aRU
_bELAR
_2rusmarc
852 _aNLR
_j80-50К/4251
942 _cBOOK
980 _aNB